Statistics for Top 15 Countries that Eat the Most Salt

Click here to take the quiz!

General Stats

  • This quiz has been taken 32 times
  • The average score is 8 of 15

Answer Stats

Salt Consumption Daily Per CapitaAnswer% Correct
1. 17.7China
73%
15. 12.3South Korea
70%
3. 13.0Czech Republic
60%
2. 14.3Hungary
57%
6. 12.9Serbia
57%
7. 12.9Bulgaria
53%
8. 12.9Croatia
53%
4. 13.0Slovenia
53%
10. 12.8Bosnia and Herzegovina
50%
9. 12.8Slovakia
50%
11. 12.8Albania
47%
13. 12.8Montenegro
47%
12. 12.8North Macedonia
47%
5. 12.9Romania
47%
14. 12.7North Korea
43%

Score Distribution

Percentile by Number Answered

Percent of People with Each Score

Your Score History

You have not taken this quiz